Những ngôi chùa nổi tiếng Việt Nam = Vietnam"s famous pagodas /
Na minha lista:
| Autor principal: | |
|---|---|
| Formato: | Sách giấy |
| Idioma: | Vietnamese |
| Publicado em: |
Hà Nội :
Văn hoá Thông tin ,
1994
|
| Tags: |
Adicionar Tag
Sem tags, seja o primeiro a adicionar uma tag!
|
| Thư viện lưu trữ: | Thư viện Trường Đại học Đà Lạt |
|---|
| LEADER | 00638nam a2200253 4500 | ||
|---|---|---|---|
| 001 | DLU020012953 | ||
| 005 | ##6/2/2000 | ||
| 020 | # | # | |a 978- |
| 041 | # | # | |a vie |
| 082 | # | # | |a 726.143 |b VO-T |
| 090 | # | # | |a 726.143 |b VO-T |
| 100 | # | # | |a Võ Văn Tường |
| 245 | # | # | |a Những ngôi chùa nổi tiếng Việt Nam = |b Vietnam"s famous pagodas / |c Võ Văn Tường |
| 260 | # | # | |a Hà Nội : |b Văn hoá Thông tin , |c 1994 |
| 300 | # | # | |a 700 tr.; |c 27 cm. |
| 992 | # | # | |a 350000 |
| 994 | # | # | |a DLU |
| 900 | # | # | |a False |
| 911 | # | # | |a Administrator |
| 925 | # | # | |a G |
| 926 | # | # | |a A |
| 927 | # | # | |a SH |
| 980 | # | # | |a Thư viện Trường Đại học Đà Lạt |